Most Reliable Car Brands - Statistics

General Stats
  • This quiz has been taken 46 times
  • The average score is 7 of 15
Answer Stats
Reliability Score Car Brand % Correct
76 Toyota
93%
70 Honda
80%
64 BMW
71%
56 Hyundai
59%
79 Lexus
59%
67 Mazda
56%
61 Kia
54%
69 Subaru
51%
66 Porsche
44%
70 Acura
37%
48 Tesla
34%
53 Infiniti
27%
71 Mini
22%
46 Ram
17%
55 Buick
12%
No matching quizzes found
Score Distribution
Percent of People with Each Score
Percentile by Number Answered
Your Score History
You have not taken this quiz